书目信息 |
| 题名: |
城市地下交通设施规划与设计
|
|
| 作者: | 范益群 , 张竹 , 杨彩霞 主编 | |
| 分册: | ||
| 出版信息: | 上海 同济大学出版社 2015.12 |
|
| 页数: | 198页 | |
| 开本: | 26cm | |
| 丛书名: | ||
| 单 册: | ||
| 中图分类: | TU984.191 | |
| 科图分类: | ||
| 主题词: | 城市交通--地下工程--交通设施--交通规划--研究 | |
| 电子资源: | ||
| ISBN: | 978-7-5608-6162-3 | |
| 000 | 01118nam0 2200265 450 | |
| 001 | 0400004865 | |
| 005 | 20171025111215.0 | |
| 010 | @a978-7-5608-6162-3@b精装@dCNY138.00 | |
| 100 | @a20160826d2015 em y0chiy50 ea | |
| 101 | 0 | @achi |
| 102 | @aCN@b310000 | |
| 105 | @aab z 001yy | |
| 106 | @ar | |
| 200 | 1 | @a城市地下交通设施规划与设计@9cheng shi di xia jiao tong she shi gui hua yu she ji@f范益群,张竹,杨彩霞主编 |
| 210 | @a上海@c同济大学出版社@d2015.12 | |
| 215 | @a198页@c图,照片,地图@d26cm | |
| 300 | @a城市地下空间出版工程·规划与设计系列/钱七虎总主编 国家出版基金项目 国家“十二五”重点图书出版规划项目 | |
| 330 | @a本书在国内地下交通设计现状调查的基础上,总结现有工程取得的经验教训,对地下交通工程设施规划与设计进行系统研究,重点是地下交通设施中的轨道交通、地下停车库、地下公交枢纽以及地下步行系统等的规划与设计。 | |
| 606 | 0 | @a城市交通@x地下工程@x交通设施@x交通规划@x研究 |
| 690 | @aTU984.191@v5 | |
| 701 | 0 | @a范益群@9fan yi qun@4主编 |
| 701 | 0 | @a张竹@9zhang zhu@4主编 |
| 701 | 0 | @a杨彩霞@9yang cai xia@4主编 |
| 801 | 0 | @aCN@b91MARC@c20171025 |
| 905 | @b1039680-3@dTU984.191@f4@e1351 | |
| 城市地下交通设施规划与设计/范益群,张竹,杨彩霞主编.-上海:同济大学出版社,2015.12 |
| 198页:图,照片,地图;26cm |
| 城市地下空间出版工程·规划与设计系列/钱七虎总主编 国家出版基金项目 国家“十二五”重点图书出版规划项目 |
| ISBN 978-7-5608-6162-3(精装):CNY138.00 |
| 本书在国内地下交通设计现状调查的基础上,总结现有工程取得的经验教训,对地下交通工程设施规划与设计进行系统研究,重点是地下交通设施中的轨道交通、地下停车库、地下公交枢纽以及地下步行系统等的规划与设计。 |
| ● |
| 相关链接 |
|
|
|
|
正题名:城市地下交通设施规划与设计
索取号:TU984.191/1351
 
预约/预借
| 序号 | 登录号 | 条形码 | 馆藏地/架位号 | 状态 | 备注 |
| 1 | 1039680 | 210396800 | 第二样本阅览室/ [索取号:TU984.191/1351] | 在馆 | |
| 2 | 1039681 | 210396819 | 第三借阅区/ [索取号:TU984.191/1351] | 在馆 | |
| 3 | 1039682 | 210396828 | 第三借阅区/ [索取号:TU984.191/1351] | 在馆 | |
| 4 | 1039683 | 210396837 | 密集书库-生命科学系/ [索取号:TU984.191/1351] | 在馆 |